Podpora cestovného ruchu v Slovenskej republike diplomová práca

Na minha lista:
Detalhes bibliográficos
Autor principal: Štipala, Denis
Autor Corporativo: Obchodná fakulta EU. Katedra obchodného práva
Outros Autores: Magurová, Hana, 1986-
Formato: Livro
Idioma:eslovaco
Publicado em: Bratislava 2019
Tags: Adicionar Tag
Sem tags, seja o primeiro a adicionar uma tag!

MARC

LEADER 00000nbm a2200000 4500
001 0254094
005 20191108122125.3
041 0 |a slo 
044 |a SK 
245 1 0 |a Podpora cestovného ruchu v Slovenskej republike  |b diplomová práca  |c Denis Štipala ; školiteľ: Hana Magurová 
264 1 |a Bratislava  |c 2019 
300 |a 55 s. 
100 1 |a Štipala, Denis 
700 1 |a Magurová, Hana, 1986- 
710 2 |a Obchodná fakulta EU. Katedra obchodného práva